| 000 | 00520nam a22001817a 4500 | ||
|---|---|---|---|
| 003 | CEME | ||
| 005 | 20210628205349.0 | ||
| 008 | 210312b xxu||||| |||| 00| 0 eng d | ||
| 020 | _a0-256-18545-X | ||
| 040 | _c. | ||
| 082 | _a005.1068 KEM'S | ||
| 100 |
_aKemerer, Chris F _975135 |
||
| 245 | _aSoftware project management readings and cases | ||
| 260 |
_aCHICAGO _bIRWIN _c1997 |
||
| 300 | _aXI, 716P | ||
| 650 |
_aCOMPUTER SOFTWARE DEVELOPMENT MANAGEMENT SOFTWARE ENGINEERING MANAGEMENT _975136 |
||
| 942 |
_cBK _2ddc |
||
| 999 |
_c580616 _d580616 |
||